A case of 'you can always get what you want' Committee assignments in the European Parliament (Record no. 511003)

000 -LEADER
fixed length control field 00453nam a2200145 4500
008 - FIXED-LENGTH DATA ELEMENTS--GENERAL INFORMATION
fixed length control field 190906b ||||| |||| 00| 0 eng d
100 ## - MAIN ENTRY--PERSONAL NAME
Personal name Whitaker, Richard
245 ## - TITLE STATEMENT
Title A case of 'you can always get what you want' Committee assignments in the European Parliament
260 ## - PUBLICATION, DISTRIBUTION, ETC. (IMPRINT)
Date of publication, distribution, etc 2019
300 ## - PHYSICAL DESCRIPTION
Extent p.162-181.
650 ## - SUBJECT ADDED ENTRY--TOPICAL TERM
Topical term or geographic name as entry element Parliament - Europe
9 (RLIN) 9915
773 ## - HOST ITEM ENTRY
Main entry heading Parliamentary Affiairs
906 ## - LOCAL DATA ELEMENT F, LDF (RLIN)
Subject DIP Legislative committees
942 ## - ADDED ENTRY ELEMENTS (KOHA)
Source of classification or shelving scheme
Item type Articles
Holdings
Withdrawn status Lost status Source of classification or shelving scheme Damaged status Not for loan Permanent location Current location Date acquired Serial Enumeration / chronology Barcode Date last seen Koha item type
          Indian Institute of Public Administration Indian Institute of Public Administration 2019-09-06 72(1), Jan, 2019: p.162-181. AR120803 2019-09-06 Articles

Powered by Koha